| 000 | 00404 a2200145 4500 | ||
|---|---|---|---|
| 999 |
_c406 _d406 |
||
| 008 | 221012b ||||| |||| 00| 0 eng d | ||
| 020 | _a9788120349780 | ||
| 082 | 0 | 0 |
_a658.5 _bB5756 |
| 100 | _aBhattacharya, Subimal | ||
| 245 |
_aOperations management / _cby S. Bhattacharya |
||
| 260 |
_aDelhi: _bPrentice Hall of India _c2014. |
||
| 300 | _axix, 576 p. | ||
| 650 | 0 | _aBusiness Management | |
| 942 |
_2ddc _cBK |
||